What country produces the biggest amount of each fruit? - Statistics

General Stats
  • This quiz has been taken 30 times
  • The average score is 9 of 21
Answer Stats
Fruit Country % Correct
Apples China
89%
Avocados Mexico
79%
Blueberries USA
68%
Olives Spain
53%
Strawberries USA
47%
Grapefruits China
42%
Pears China
42%
Grapes Spain
42%
Figs Turkey
42%
Cantaloupe China
37%
Peaches China
37%
Bananas India
37%
Coconuts Indonesia
37%
Pomegranates Iran
37%
Clementines China
32%
Cherries Turkey
32%
Passionfruits Brazil
26%
Lemons India
26%
Raspberry Russia
26%
Pineapples Costa Rica
21%
Apricots Uzbekistan
5%
No matching quizzes found
Score Distribution
Percent of People with Each Score
Percentile by Number Answered
Your Score History
You have not taken this quiz